000 00841nam a2200217Ia 4500
003 GCL
005 20240530102309.0
008 140319s9999 xx 000 0 ara d
040 _aGCL /
_cGCL
082 0 4 _a121
_bل م
100 1 _aليبنتز، جوتفريد فيلهلم
245 1 0 _aالمونادولوجيا والمبادىء العقلية للطبيعة والفضل الالهى /
_cليبنتز، جوتفريد فيلهلم ،ترجمة عبدالغفار مكاوى
260 _aالقاهرة :
_bدار الثقافة للنشر والتوزيع ،
_c1978
300 _a182 ص ؛
_c24 سم
650 0 4 _aالفلسفة
650 0 4 _aالفلسفة الوجودية
650 0 4 _aالفلسفة الغربية
650 0 4 _aليبنتز
700 _aعبدالغفار مكاوى
_eمترجم
942 _2ddc
_cBK
999 _c31248
_d31248